đŸŽ¶ Paroles "TĂȘte en l'air" Jacques Higelin - Statistiques

Statistiques générales
  • Ce quiz a Ă©tĂ© pris 23 fois
  • Le rĂ©sultat moyen est 222 sur 270
Statistiques - réponses
Mots % Correct
Ă 
100%
A
100%
a
100%
au
100%
d'
100%
dans
100%
Dans
100%
de
100%
des
100%
Des
100%
en
100%
Et
100%
et
100%
J'
100%
l'
100%
la
100%
le
100%
lord!
100%
my
100%
qu'
100%
t'
100%
Thank
100%
un
100%
you
100%
air
91%
air,
91%
fond,
91%
fond
91%
je
91%
Sur
91%
terre
91%
terre,
91%
tes
91%
tĂȘte
91%
une
91%
Y
91%
- Y
91%
yeux
91%
allumettes
82%
amour
82%
aux
82%
ciel
82%
ciel,
82%
comme
82%
Comme
82%
cour
82%
du
82%
il
82%
ma
82%
par
82%
pianos
82%
queue
82%
touché
82%
vinaigrette
82%
Amoureux
73%
amoureux
73%
avais
73%
damnés,
73%
danse,
73%
est
73%
Me
73%
pots
73%
ris
73%
vie
73%
yaourt
73%
boĂźte
64%
Dieux,
64%
face
64%
lettres
64%
misĂšre
64%
oubliettes
64%
raconté ?
64%
solitaire
64%
- Alors,
55%
cons
55%
émotion
55%
énoncées
55%
Étranger
55%
fenĂȘtre
55%
lance
55%
légÚre
55%
ouverte
55%
premiĂšres
55%
Quelle
55%
radieux
55%
soleil
55%
vérités
55%
vol
55%
appel
45%
archanges
45%
beauté
45%
champs
45%
cieux
45%
cƓur
45%
CƓur
45%
détresse
45%
échappées
45%
fleur
45%
hirondelles
45%
pied
45%
pleure,
45%
poubelle
45%
aile,
36%
Ăąme
36%
aveugle
36%
bec,
36%
chance,
36%
coup
36%
crie,
36%
insouciant
36%
printemps,
36%
rend
36%
sourd
36%
tristesse
36%
vautour
36%
battant,
27%
ÉgarĂ©,
27%
éphémÚre
27%
serré
27%
colĂšre,
18%
Aucun quiz correspondant
Distribution des résultats
% des personnes avec chaque résultat
Percentile par nombre de réponses
Votre historique - résultats
Vous n’avez pas pris ce quiz